000 00519nam a2200181Ia 4500
005 20250923144237.0
008 008 250917s9999 xx 000 0 eng d
037 _aTextual
040 _aDSWL
_beng
_cDSWL
041 _aeng
_2eng
084 _aVN:1:N4, H5
_qDSWL
100 _aCommager, H.S Ed.
_9822777
245 0 _aPocket history of the second world war
_cEd.by H.S Commager
260 _aNew York
_c1945
300 _a574 p.
942 _cTEXL
_hVN:1:N4, H5
999 _c1436519
_d1436519